00426nam a2200121 a 450000500170000000800410001705000180005810000200007624500480009626000430014499900190018795200980020620140414131857.0100827s19uu xx 00 eng d aFILbAl1 2009 aMatias, Segundo aAlamat ng agila :bThe legend of the eagle. aManila, Philippines :bLampara,c2009. c110492d110492 001040aMUbMUcFILd2010-08-27l0oFIL Al1 2009pM0910r2014-04-14 00:00:00w2014-04-14yBK